MARC

LEADER 00000nam0a2200000 4500
001 257802
005 20231101233234.0
035 |a (RuTPU)RU\TPU\book\280620 
090 |a 257802 
100 |a 20140419d1987 k y0rusy50 ca 
101 0 |a rus 
102 |a RU 
105 |a y z 001zy 
200 1 |a Математическое моделирование энергетических сооружений  |e сборник научных трудов  |f Всесоюзный научно-исследовательский институт гидротехники им. Б. Е. Веденеева (ВНИИГ) ; под ред. С. Г. Шульмана 
210 |a Ленинград  |c Энергоатомиздат  |d 1987 
215 |a 99 с. 
225 1 |a Известия ВНИИГ им. Б. Е. Веденеева  |v Т. 202 
320 |a Библиогр. в конце ст. 
606 1 |a Энергетические системы  |x Математическое моделирование  |2 stltpush  |3 (RuTPU)RU\TPU\subj\71718  |9 85501 
610 1 |a гидротехнические сооружения 
610 1 |a энергетические сооружения 
610 1 |a гидравлика 
610 1 |a теплоперенос 
610 1 |a конструкции 
610 1 |a прочность 
610 1 |a надежность 
610 1 |a расчет 
675 |a 620.9.001.5  |v 3 
702 1 |a Шульман  |b С. Г.  |4 340 
712 0 2 |a Всесоюзный научно-исследовательский институт гидротехники им. Б. Е. Веденеева (ВНИИГ)  |2 stltpush  |3 (RuTPU)RU\TPU\col\11485 
801 1 |a RU  |b 63413507  |c 20140419 
801 2 |a RU  |b 63413507  |c 20141201  |g RCR 
942 |c BK